Domáci priemyselníci museli uspieť, aby prežili

Štvrťstoročie slovenských priemyselných firiem. Transformácia štátnych podnikov a kupónová privatizácia. Plány priemyselných vlastníkov a prílev zahraničných investícií. Úprava podnikateľského prostredia a firmy, ktoré uspeli v medzinárodnej konkurencii.

Saved in:
Bibliographic Details
Main Author: Jesný, Martin
Format: Book Chapter
Language:Slovak
Subjects:
Tags: Add Tag
No Tags, Be the first to tag this record!

MARC

LEADER 00000naa a2200000 4500
001 0219354
005 20231011124244.3
041 0 |a slo 
044 |a SK 
245 1 0 |a Domáci priemyselníci museli uspieť, aby prežili  |c Martin Jesný 
520 |a Štvrťstoročie slovenských priemyselných firiem. Transformácia štátnych podnikov a kupónová privatizácia. Plány priemyselných vlastníkov a prílev zahraničných investícií. Úprava podnikateľského prostredia a firmy, ktoré uspeli v medzinárodnej konkurencii. 
610 2 0 |a Slovensko 
610 2 0 |a história 
610 2 0 |a priemysel 
610 2 0 |a privatizácia 
610 2 0 |a transformácia 
610 2 0 |a prostredie podnikateľské 
610 2 0 |a prestavba priemyslu 
610 2 0 |a mechanizmus trhový 
610 2 0 |a investície priame zahraničné 
610 2 0 |a konkurencieschopnosť 
100 1 |a Jesný, Martin